Größte Städte Polens - aber auf Deutsch! - Statistiken

Allgemein
  • Dieses Quiz wurde 276 mal gespielt
  • Das Durchschnittsergebnis liegt bei 8 aus 15
Antwortstatistiken
Bevölkerung Name % Korrekt
1,706,624 Warschau (Warszawa)
99%
458,717 Danzig (Gdańsk)
93%
756,583 Krakau (Kraków)
93%
632,930 Breslau (Wrocław)
87%
410,811 Stettin (Szczecin)
79%
753,192 Lodz / Lodsch (Łódź)
78%
567,932 Posen (Poznań)
75%
317,220 Kattowitz (Katowice)
62%
351,806 Lublin
50%
361,222 Bromberg (Bydgoszcz)
34%
250,242 Gdingen (Gdynia)
32%
224,857 Radom
20%
242,300 Tschenstochau (Częstochowa)
20%
222,586 Sosnowitz (Sosnowiec)
8%
294,143 Bjelostock (Białystok)
7%
Keine übereinstimmenden Quizze gefunden
Verteilung der Resultate
Anzahl Personen mit jedem Resultat
Perzentil nach korrekt beantworteten Fragen
Ihre Resultats-Entwicklung
Sie haben dieses Quiz noch nicht gespielt